| 000 | 00835akm a2200313a 44500 | ||
|---|---|---|---|
| 008 | 980618s1997 cat | ||
| 041 | _acat | ||
| 080 | _a655(038) | ||
| 110 |
_aCapdepera. Ajuntament. Servei d'Assessorament Lingüístic _967145 |
||
| 245 | _aCom es fa un llibre? | ||
| 245 | _cCapdepera. Ajuntament. Servei d'Assessorament Lingüístic. | ||
| 245 | _h[tríptic] | ||
| 260 | _aCapdepera | ||
| 260 | _bAjuntament de Capdepera | ||
| 260 | _c1997 | ||
| 300 | _bil. | ||
| 520 | _a65 | ||
| 591 | _a5550 | ||
| 592 | _aObra terminològica | ||
| 593 | _aJA | ||
| 594 | _a5550 | ||
| 650 |
_aarts gràfiques _961408 |
||
| 901 | _c<1997> | ||
| 902 | _a980618 | ||
| 942 |
_cMO _n0 |
||
| 999 |
_c56364 _d56364 |
||